ADMINISTRACION, GESTION Y COMERCIALIZACION EN LA PEQUEÑA EMPRESA HOSTELERA. (Registro nro. 193812)
[ vista simple ]
| 000 -LEADER | |
|---|---|
| campo de control de longitud fija | 00831nam a2200229Ia 4500 |
| 005 - FECHA Y HORA DE LA ÚLTIMA TRANSACCIÓN | |
| campo de control | 20250425160654.0 |
| 008 - DATOS DE LONGITUD FIJA--INFORMACIÓN GENERAL | |
| campo de control de longitud fija | 250425s9999 xx 000 0 und d |
| 020 ## - NÚMERO INTERNACIONAL ESTÁNDAR DEL LIBRO | |
| Número Internacional Estándar del Libro | 8477383243 |
| 041 ## - CÓDIGO DE IDIOMA | |
| Código de lengua del texto/banda sonora o título independiente | spa |
| 082 ## - NÚMERO DE LA CLASIFICACIÓN DECIMAL DEWEY | |
| Número de clasificación | 658.15937 |
| 010 ## - NÚMERO DE CONTROL DE LA BIBLIOTECA DEL CONGRESO | |
| Número de control de LC | 1941 |
| 100 ## - ENTRADA PRINCIPAL--NOMBRE DE PERSONA | |
| Nombre de persona | ARCARONS, RAMON |
| 245 #0 - MENCIÓN DEL TÍTULO | |
| Título | ADMINISTRACION, GESTION Y COMERCIALIZACION EN LA PEQUEÑA EMPRESA HOSTELERA. |
| 250 ## - MENCION DE EDICION | |
| Mención de edición | 1A ED. |
| 260 ## - PUBLICACIÓN, DISTRIBUCIÓN, ETC. | |
| Lugar de publicación, distribución, etc. | España |
| Nombre del editor, distribuidor, etc. | SINTESIS |
| Fecha de publicación, distribución, etc. | 1995 |
| 260 ## - PUBLICACIÓN, DISTRIBUCIÓN, ETC. | |
| Lugar de publicación, distribución, etc. | MADRID |
| 300 ## - DESCRIPCIÓN FÍSICA | |
| Extensión | 222 |
| 520 ## - RESUMEN, ETC. | |
| Sumario, etc. | EXPONE CONCEPTOS BASICOS QUE HA DE TENER EN CUENTA EL FUTURO PROFESIONAL EN CUANTO A : FORMAS JURIDICAS DE LAS EMPRESAS Y CONTRATACION MERCANTIL, FISCALIDAD, RELACIONES LABORALES, GESTION ADMINISTRATIVA Y COMERCIAL, TRAMITES DE CONSTITUCION DE LAS SOCIEDA |
| 650 ## - PUNTO DE ACCESO ADICIONAL DE MATERIA--TÉRMINO DE MATERIA | |
| Término de materia o nombre geográfico como elemento de entrada | HOTELES-ADMINISTRACION |
| 650 ## - PUNTO DE ACCESO ADICIONAL DE MATERIA--TÉRMINO DE MATERIA | |
| Término de materia o nombre geográfico como elemento de entrada | POLITICA EMPRESARIAL |
| 942 ## - ELEMENTOS DE ENTRADA SECUNDARIOS (KOHA) | |
| Tipo de ítem Koha | Libros |
| Estatus retirado | Estado de pérdida | Estado de daño | No para préstamo | Biblioteca de origen | Biblioteca actual | Fecha de adquisición | Coste, precio normal de compra | Total de préstamos | Código de barras | Copia número | Tipo de ítem Koha |
|---|---|---|---|---|---|---|---|---|---|---|---|
| CENTRO DE INFORMACIÓN BIBLIOTECARIA | CENTRO DE INFORMACIÓN BIBLIOTECARIA | 04/07/2000 | 0.01 | 31922 | 1 | Libros |